Protest Songs - Statistics

General Stats
  • This quiz has been taken 71 times
  • The average score is 11 of 20
Answer Stats
Year Song Title Artist % Correct
1984 Born in the U.S.A. Bruce Springsteen
93%
1971 Imagine John Lennon
93%
1955 Folsom Prison Blues Johnny Cash
86%
1983 Sunday Bloody Sunday U2
80%
1964 The Times They Are a-Changin' Bob Dylan
78%
2004 American Idiot Green Day
77%
1976 Anarchy in the U.K. Sex Pistols
75%
1994 Zombie The Cranberries
70%
1971 What's Going On Marvin Gaye
64%
1992 Killing in the Name Rage Against the Machine
59%
1969 Fortunate Son CCR
57%
1940 This Land is Your Land Woody Guthrie
54%
2018 This Is America Childish Gambino
39%
1973 Get Up, Stand Up Bob Marley
38%
1970 War Edwin Starr
30%
1968 I'm Black and I'm Proud James Brown
30%
1989 Fight the Power Public Enemy
29%
2015 Alright Kendrick Lamar
20%
2006 Not Ready to Make Nice The Dixie Chicks
13%
2005 Hypnotize System of a Down
4%
No matching quizzes found
Score Distribution
Percent of People with Each Score
Percentile by Number Answered
Your Score History
You have not taken this quiz